| 000 | 00431nam a2200157 4500 | ||
|---|---|---|---|
| 999 |
_c510546 _d510546 |
||
| 008 | 190822b ||||| |||| 00| 0 eng d | ||
| 100 |
_aGautam, Shalini _98723 |
||
| 245 | _aDynamics of objective and subjective financial knowledge on financial behaviour | ||
| 260 | _c2019 | ||
| 300 | _ap.11-20. | ||
| 650 |
_aInflation _98724 |
||
| 700 |
_aJain, Kokil _98725 |
||
| 773 | _aAbhigyan | ||
| 906 | _aInflation | ||
| 942 |
_2ddc _cAR |
||